人口の多い市トップ100@2000年 - Statistics

General Stats
  • This quiz has been taken 518 times
  • The average score is 87 of 100
Answer Stats
順位 Answer 人口 % Correct
1 横浜市 3,426,651
100%
2 大阪市 2,598,774
99%
4 札幌市 1,822,368
99%
3 名古屋市 2,171,557
98%
5 神戸市 1,493,398
98%
7 福岡市 1,341,470
98%
8 川崎市 1,249,905
98%
9 広島市 1,126,239
98%
6 京都市 1,467,785
97%
10 北九州市 1,011,471
97%
11 仙台市 1,008,130
97%
12 千葉市 887,164
97%
14 熊本市 662,012
96%
17 浜松市 582,095
96%
18 鹿児島市 552,098
96%
22 新潟市 501,431
96%
15 岡山市 626,642
95%
26 静岡市 469,695
95%
13 堺市 792,018
94%
30 金沢市 456,438
94%
16 相模原市 605,561
93%
19 船橋市 550,074
93%
25 松山市 473,379
93%
35 大分市 436,470
93%
42 和歌山市 386,551
93%
86 水戸市 246,739
93%
20 八王子市 536,046
92%
38 長崎市 423,167
92%
39 岐阜市 402,751
92%
56 高松市 332,865
92%
61 富山市 325,700
92%
62 秋田市 317,625
92%
23 浦和市 484,845
91%
24 姫路市 478,309
91%
31 大宮市 456,271
91%
33 宇都宮市 443,808
91%
46 奈良市 366,185
91%
47 豊橋市 364,856
91%
49 長野市 360,112
91%
58 高知市 330,654
91%
66 青森市 297,859
91%
68 福島市 291,121
91%
70 盛岡市 288,843
91%
72 函館市 287,637
91%
74 前橋市 284,155
91%
89 高崎市 239,904
91%
28 松戸市 464,841
90%
50 旭川市 359,536
90%
55 郡山市 334,824
90%
60 柏市 327,851
90%
84 福井市 252,274
90%
21 東大阪市 515,094
89%
29 川口市 460,027
89%
48 いわき市 360,138
89%
52 豊田市 351,101
89%
69 四日市市 291,105
89%
78 徳島市 268,218
89%
81 山形市 255,369
89%
83 下関市 252,389
89%
32 市川市 448,642
88%
36 倉敷市 430,291
88%
37 横須賀市 428,645
88%
43 藤沢市 379,185
88%
44 福山市 378,789
88%
64 宮崎市 305,755
88%
65 那覇市 301,032
88%
100 松本市 208,970
88%
27 尼崎市 466,187
87%
71 大津市 288,240
87%
57 川越市 330,766
86%
34 西宮市 438,105
85%
54 岡崎市 336,583
85%
91 久留米市 236,543
85%
77 一宮市 273,711
84%
41 豊中市 391,726
82%
51 高槻市 357,438
82%
45 町田市 377,494
81%
53 吹田市 347,929
81%
40 枚方市 402,563
80%
59 所沢市 330,100
79%
63 越谷市 308,307
79%
67 明石市 293,117
79%
88 佐世保市 240,838
79%
75 市原市 278,218
78%
82 平塚市 254,633
78%
73 春日井市 287,623
77%
80 茨木市 260,648
75%
87 八戸市 241,920
74%
92 富士市 234,187
74%
76 八尾市 274,777
72%
93 府中市 226,769
72%
95 茅ヶ崎市 220,809
72%
97 宝塚市 213,037
71%
79 加古川市 266,170
68%
99 大和市 212,761
67%
85 寝屋川市 250,806
65%
94 草加市 225,018
63%
96 厚木市 217,369
62%
98 上尾市 212,947
48%
90 清水市 236,818
45%
No matching quizzes found
Score Distribution
Percent of People with Each Score
Percentile by Number Answered
Your Score History
You have not taken this quiz